Science Quiz

Random Science Quiz
Score 0/68 Timer 10:00
0 Plays Today
Variety % Correct
Mink
83.1%
Capped
80.4%
Hooded
80%
Silver
80%
Black
79.2%
Topaz
76.5%
Agouti
76.1%
Burmese
75.3%
Pink Eyed White
74.5%
Russian Blue
74.1%
Berkshire
73.3%
Siamese
72.9%
Himalayan
71.4%
Chinchilla
69.4%
Chocolate
69%
Russian Blue Agouti
69%
Silver Fawn
69%
British Blue
68.6%
Variegated
68.6%
Platinum
66.7%
Dumbo
66.7%
Cinnamon
65.9%
Essex
65.5%
Rex
65.5%
Ivory
65.1%
Blue point Siamese
65.1%
Platinum Agouti
64.7%
Pearl
64.3%
Champagne
63.9%
Roan
63.5%
Irish
60.4%
Bareback
59.6%
Hooded Downunder
58.4%
Blue Agouti
57.3%
Variety % Correct
Badger
56.5%
Squirrel
56.1%
Russian Dove
56.1%
Spotted Downunder
55.8%
Coffee
54.9%
Striped Roan
54.5%
Marten
54.5%
Golden Himalayan
54.1%
Buff
53.5%
Russian Topaz
53.3%
Wheaten Burmese
53.3%
Golden Siamese
52.5%
Cinnamon Pearl
51.8%
Russian Silver
51.8%
Cream
51.4%
Argente Creme
51%
Sable Burmese
50.2%
Lilac Agouti
49.8%
Quicksilver
48.2%
Capped Essex
47.5%
Powder Blue
47.1%
Havana
46.7%
Merle
45.5%
Russian Burmese
45.5%
Blue point Himalayan
43.5%
Cinnamon Chinchilla
43.1%
Russian Pearl
41.6%
Russian Silver Agouti
41.2%
Lilac
41.2%
Apricot Agouti
38.8%
Silver Agouti
38.4%
Satin
32.6%
Turpin
30.2%
Russian Dove Agouti
29.1%

You're not logged in!

Compare scores with friends on all Sporcle quizzes.
OR
Log In

Sporcle TV

Today on Sporcle TV


Watch our educational content, quiz creation guides, and fun videos on Sporcle TV.

Show Comments

Extras

Created Oct 4, 2009SourceReportNominate
Tags:fancy, rat, Recognised, Variety

Top Quizzes Today


Score Distribution

Paid Content

Your Account Isn't Verified!

In order to create a playlist on Sporcle, you need to verify the email address you used during registration. Go to your Sporcle Settings to finish the process.

Report this User

Report this user for behavior that violates our Community Guidelines.

Details: